| 000 | 01370cam a2200385 a 4500 | ||
|---|---|---|---|
| 003 | CHAP | ||
| 005 | 20220329142313.0 | ||
| 008 | 000425d1998 mx a r 10100 spa d | ||
| 010 | _a81336 | ||
| 011 | _a82308 | ||
| 020 | _a9687417218 | ||
| 035 | _a92797 | ||
| 040 | _cCHAP | ||
| 082 | 0 | 4 |
_a627.063 _bC65 |
| 111 | 0 | 0 |
_aCongreso Latinoamericano de Hidraúlica _n(18 : _d1998 : _cOaxaca, Oax.) _926822 |
| 245 | 1 | 0 |
_aMemorias _c/por Asociación Mexicana de Hidraúlica |
| 260 |
_aMéxico, D.F. : _bAsociación Mexicana de Hidraúlica, _c1998. |
||
| 300 |
_a2 v. : _bilus. ; gráfs. |
||
| 490 | 0 |
_aAvances en hidraúlica _v; 1-2 |
|
| 590 |
_aBATCH-UPD _b10 _c20130110 _lUCH01 _h0451 |
||
| 590 |
_aBATCH-UPD _b10 _c20130111 _lUCH01 _h0003 |
||
| 590 |
_aBATCH-UPD _b10 _c20130410 _lUCH01 _h0128 |
||
| 590 |
_aBATCH-UPD _b10 _c20130410 _lUCH01 _h1648 |
||
| 590 |
_aBATCH-UPD _b10 _c20130914 _lUCH01 _h0001 |
||
| 590 |
_aBATCH-UPD _b10 _c20130914 _lUCH01 _h1614 |
||
| 590 |
_aCONVERSION _b10 _c20130109 _lUCH01 _h1345 |
||
| 650 | 1 | 4 |
_aHidráulica _xCongresos. _955220 |
| 700 | 0 |
_aAldama, A. A. _93673 |
|
| 830 | 0 | 0 |
_aAvances en hidraúlica _v; 1-2 _98483 |
| 901 | _aBK | ||
| 905 | _aAlejandra Carrasco M. | ||
| 942 | _cLIBRO | ||
| 949 |
_a627.063 C65 _bBC _cCONG _d33724000783601 _eCONG _fv.1 _h97191 _i92797 _si |
||
| 949 |
_a627.063 C65 _bBC _cCONG _d33724000783619 _eCONG _fv.2 _h97192 _i92797 _si |
||
| 999 |
_c81336 _d81336 |
||